Star Wars Characters by First Line - Statistics

General Stats
  • This quiz has been taken 68 times
  • The average score is 12 of 20
Answer Stats
Line Character % Correct
"Ah, hard to see, the dark side is" Yoda
95%
"I'm Padmé" Padmé Amidala
93%
"Are you an angel?" Anakin Skywalker
91%
"I'm Ahsoka. Master Yoda sent me" Ahsoka Tano
87%
"I have a bad feeling about this" Obi-Wan Kenobi
87%
"Was'n dat? Hey, wait" Jar Jar Binks
69%
"I do not believe the Sith could have returned without us knowing" Mace WIndu
67%
"Fairly. I'm just a simple man trying to make my way in the universe" Jango Fett
64%
"Yep. Sure. Dad, Taun We's here" Boba Fett
60%
"I don't sense anything" Qui-Gon Jinn
55%
"Impossible. The Sith have been extinct for a millenium" Ki-Adi Mundi
53%
"Not much of a welcoming committee" Leia Organa
53%
"Negotiations haven't started because the ambassadors aren't there?" Sheev Palpatine
53%
"Doesn't look like we have much of a choice but I'll remind him" Luke Skywalker
51%
"Come on, come on" Han Solo
49%
"Oh, oh, uh. Where is everybody?" C-3PO
45%
"All slaves have a transmitter placed inside their body somewhere" Shmi Skywalker
40%
"Ah yes, Nubian. We have lots of that" Watto
38%
"Tatooine is sparsely populated" Maul
33%
"We must persuade the Commerce Guild and the Corporate Alliance to sign the treaty" Dooku
31%
No matching quizzes found
Score Distribution
Percent of People with Each Score
Percentile by Number Answered
Your Score History
You have not taken this quiz